De las revueltas a las revoluciones
Gardado en:
| Autor Principal: | |
|---|---|
| Formato: | Libro |
| Idioma: | Lingua castelá |
| Publicado: |
Barcelona
Crítica
1999
|
| Series: | Libros de Historia
|
| Subjects: | |
| Tags: |
Engadir etiqueta
Sen Etiquetas, Sexa o primeiro en etiquetar este rexistro!
|
MARC
| LEADER | 00000nam a2200000 a 4500 | ||
|---|---|---|---|
| 001 | UCL6638 | ||
| 003 | CL-VaPUC | ||
| 008 | 040416e19990000SP |||||||||||||||||spa|d | ||
| 020 | |a 8474239583 | ||
| 082 | 0 | 4 | |a 940.252 |b TEN |2 21 |
| 100 | 0 | |a Tenenti, Alberto |e author |9 484264 | |
| 245 | 1 | 0 | |a De las revueltas a las revoluciones |
| 300 | |a 202 p | ||
| 942 | |c BK | ||
| 945 | |d 20040416 00:00:00 |a cmena | ||
| 260 | |a Barcelona |b Crítica |c 1999 | ||
| 650 | 0 | |a Historia de Europa |9 392003 | |
| 650 | 0 | |a Historia Siglo 18 |9 257136 | |
| 650 | 0 | |a Conflictos sociales |9 372024 | |
| 650 | 0 | |a Revolución industrial |9 309422 | |
| 650 | 0 | |a Violencia social |9 399777 | |
| 651 | 0 | |a Europa |9 255156 | |
| 583 | |a last modification |c 20040416 00:00:00 |k Rodrigo Vera | ||
| 490 | 0 | |a Libros de Historia | |
| 999 | |c 308632 |d 308630 | ||
| 952 | |0 0 |1 0 |4 0 |6 940_252000000000000_TEN_1999 |7 0 |8 A |9 375303 |a BIBHIS |b BIBHIS |d 2019-11-21 |i 4006739 |l 2 |o 940.252 TEN 1999 |p 4006739 |r 2025-01-20 |s 2022-04-18 |w 2019-11-21 |y BK |k HIS | ||